000 01580nam0a2200361 4500
001 RU\NLR\bibl\747929
005 20250614005244.0
021 _aRU
_b2004-70037
_93450
035 _aRSL-KNO-002498915
035 _a(NLR Aleph) 000737750
090 _a802911
_c802911
100 _a20041118d2004 |||y0rusy50 ca
101 0 _arus
102 _aRU
105 _aa |||||||||
106 _ar
200 1 _aМатематическая модель производственной функции промышленного предприятия как эколого-экономической системы
_fВ.Н. Панькова
_gНовосиб. гос. ун-т экономики и упр.
205 _aПрепр.
210 _aНовосибирск
_cНГУЭУ
_d2004
_gИПК НГУЭУ
215 _a23 с.
_cил.
_d21
320 _aБиблиогр.: с. 22 (16 назв.)
606 1 _aПромышленность
_xВлияние на окружающую среду
_92189981
_3RU\NLR\auth\661316501
610 0 _aЭкономика -- Российская Федерация -- Промышленность -- Предприятие -- Экономико-математические методы и модели
686 _aУ9(2)301в611
_2rubbk
686 _aУ28(0)530
700 1 _aПанькова
_bВ. Н.
_gВера Николаевна
_4070
801 0 _aRU
_bRuMoRKP
_c20041118
_grcr
801 1 _aRU
_bRuMoRGB
_c20041118
801 2 _aRU
_bNLR
_c20050413
_gPSBO
830 _aавт. по кн.
942 _cBOOK
980 _aNB